CPD : Principles & Practices in Land Acquisition Compensation (19 September 1998)

Bibliographic Details
Format: Book
Subjects:

MARC

LEADER 00000cam a2200000 7i4500
001 0000005234
005 20000509.0
040 |a INS 
090 0 0 |a CPD 24 
240 0 0 |a CPD Talk 
245 0 0 |a CPD :   |b Principles & Practices in Land Acquisition Compensation (19 September 1998) 
650 0 0 |a Continuous Professional Development 
650 0 0 |a Land acquisition and compensation   |z Malaysia 
999 |a CPD0000030   |b BOOK   |c Course Notes   |e Default branch